LEADER 01140nam a2200253 u 4500 001 000000040006 003 CaOOAMICUS 005 20070226114044.0 008 980521q1962 it u000 u ita u 035 $a10795632 040 $aPUL(R)$bita 100 1 $aFrisch, Ragnar.$0(OLS)http://pul/name/29628 245 13$aLa pianificazione economica ed il problema della crescita nei paesi in sviluppo /$cRagnar Frisch ; commento di Mario Talamona. 260 $aMilano :$bL'industria,$c[1982?] 300 $a45 p. ;$c24 cm 500 $aEstr. da: L'industria, n. 2, 1962. 650 4$aPolitica economica.$0(OLS)http://pul/subject/10570 700 1 $aTalamona, Mario.$0(OLS)http://pul/name/29586 850 $aPUL 852 $aPUL$W1$xDP1 Miscellanee$y10$mMisc.Lombardi.131(int.9)$j54414$nBK-PRI$b $qStampati Miscellanee$B54414$CPULBib$Z2$F54414 $H $81 941 1 $a17 961 $aINV: Legato con altri volumi. 996 $6245$aLa pianificazione economica ed il problema della crescita nei paesi in sviluppo$9(OLS)http://pul/title/54078 996 $6260$aMilano :$bL'industria$9(OLS)http://pul/publisher/64216 LEADER 01236nam a2200301 a 4500 001 000000124102 003 CaOOAMICUS 005 20110127121944.0 008 110127s2010 it u000 u ita r 020 $a978-88-420-9394-7 040 $aPUL$bita 082 04$a342.02 100 1 $aAzzariti, Gaetano.$0(OLS)http://pul/name/28733 245 10$aDiritto e conflitti :$blezioni di diritto costituzionale /$cGaetano Azzariti. 260 $aRoma ;$aBari :$bLaterza,$c2010. 300 $axi, 418 p. ;$c21 cm. 490 1 $aManuali Laterza ;$v312 504 $aBibliografia in nota. 650 4$aDiritto costituzionale.$0(OLS)http://pul/subject/1174 830 0$aManuali Laterza ;$v312.$0(OLS)http://pul/title/2009 850 $aPUL 852 $aPUL$W1$xSL Diritto e Scienze Sociali 3$y79$m342. 02 AZZGA 1$j142924$qDDC 21$B141914$CPULBib$Z2$F141914 $H115794 $82 941 1 $a9 996 $6020$a978-88-420-9394-7$9(OLS)http://pul/number/146208 996 $6082$a342.02$9(OLS)http://pul/classification/1810 996 $6245$aDiritto e conflitti :$blezioni di diritto costituzionale$9(OLS)http://pul/title/156442 996 $6260$aRoma ;$aBari :$bLaterza$9(OLS)http://pul/publisher/57682